Atomic Habits : An Easy & Proven Way To Build Good Habits & Break Bad Ones (Record no. 12813)
[ view plain ]
| 000 -LEADER | |
|---|---|
| fixed length control field | 00444nam a22001697a 4500 |
| 003 - CONTROL NUMBER IDENTIFIER | |
| control field | OSt |
| 008 - FIXED-LENGTH DATA ELEMENTS--GENERAL INFORMATION | |
| fixed length control field | 240805b |||||||| |||| 00| 0 eng d |
| 020 ## - INTERNATIONAL STANDARD BOOK NUMBER | |
| International Standard Book Number | 9781847941831 |
| 082 ## - DEWEY DECIMAL CLASSIFICATION NUMBER | |
| Classification number | 158.1 CLA |
| 100 ## - MAIN ENTRY--PERSONAL NAME | |
| Personal name | CLEAR, James |
| 245 ## - TITLE STATEMENT | |
| Title | Atomic Habits : An Easy & Proven Way To Build Good Habits & Break Bad Ones |
| 250 ## - EDITION STATEMENT | |
| Edition statement | Ist. ed., |
| 260 ## - PUBLICATION, DISTRIBUTION, ETC. (IMPRINT) | |
| Place of publication, distribution, etc | UK, |
| Name of publisher, distributor, etc | Cornerstone Press, |
| Date of publication, distribution, etc | 2022, |
| 300 ## - PHYSICAL DESCRIPTION | |
| Extent | 306 p. |
| 650 ## - SUBJECT ADDED ENTRY--TOPICAL TERM | |
| Topical term or geographic name as entry element | English |
| 942 ## - ADDED ENTRY ELEMENTS (KOHA) | |
| Source of classification or shelving scheme | Dewey Decimal Classification |
| Koha item type | Text Books |
| Withdrawn status | Lost status | Source of classification or shelving scheme | Damaged status | Not for loan | Collection code | Home library | Current library | Date acquired | Source of acquisition | Currency | Cost, normal purchase price | Bill Number | Total Checkouts | Full call number | Acc. no. / Barcode | Date last seen | Actual Cost, discounted price | Bill Date | Koha item type | Date last borrowed |
|---|---|---|---|---|---|---|---|---|---|---|---|---|---|---|---|---|---|---|---|---|
| Dewey Decimal Classification | B.A Hons. English | PIET NCR College Library | PIET NCR College Library | 27/07/2024 | Zafaa Books & Distributers | In Rupees | 899.00 | ZBD0114 | 158.1 CLA | N3689 | 05/08/2024 | 584.35 | 27/07/2024 | Reference Books | ||||||
| Dewey Decimal Classification | B.A Hons. English | PIET NCR College Library | PIET NCR College Library | 27/07/2024 | Zafaa Books & Distributers | In Rupees | 899.00 | ZBD0114 | 3 | 158.1 CLA | N3690 | 12/01/2026 | 584.35 | 27/07/2024 | Text Books | 02/01/2026 |